000
00289 a2200145 4500
001
58151
020
_a
040
_c
Anchieta - Pituba
240
1
0
_a
Valores da terra
_l
por
245
1
0
_a
Valores da terra
300
_a
84
362
0
_a
2000
650
4
_a
Poesia brasileira
942
_c
BK
999
_c
58151
_d
58151